On I-convergence and Niven's function

Niven funkcia v súvislosti s I-konvergenciou. Štatistická konvergencia. Príklady.

Enregistré dans:
Détails bibliographiques
Auteur principal: Gogola, Ján, 1977-
Format: Chapitre de livre
Langue:anglais
Sujets:
Tags: Ajouter un tag
Pas de tags, Soyez le premier à ajouter un tag!

MARC

LEADER 00000nla$a2200000$$$4500
001 0084124
005 20240502071940.2
041 0 |a eng 
044 |a SK 
245 1 0 |a On I-convergence and Niven's function  |c Ján Gogola 
520 |a Niven funkcia v súvislosti s I-konvergenciou. Štatistická konvergencia. Príklady. 
610 2 0 |a matematika 
610 2 0 |a ekonómia matematická 
610 2 0 |a funkcie matematické 
610 2 0 |a konvergencia 
100 1 |a Gogola, Ján, 1977-